000 00516nam a22001817a 4500
999 _c12158
_d12158
003 URS
005 20220114162607.0
008 191113b ||||| |||| 00| 0 eng d
020 _a9788126150588
040 _aDLC
_bENGLISH
_cDMLUC
_dURS
082 _2FIRST EDITION
100 _aHARMENDRA MALIK
245 _aSECURITY AND SAFETY IN CRUISE TOURISM
_cHARMENDRA MALIK
250 _aFIRST EDITION
260 _aINDIA
_bANMOL PUBLICATIONS PVT. LTD.
_c2012
300 _a3007 p
_bCOLORED
942 _2lcc
_cBK
_eFIRST EDITION